01000nas a2200361 4500001001300000003000900013005001700022007000300039008003400042040005400076041000900130072000800139100001400147100001600161100001900177100001700196100001600213100001900229100001600248100001900264100001600283100001700299100001700316245009000333650001300423650001800436650001700454650000900471650001900480650001800499650002600517773009500543BR2016004264BR-BrBNA20231205130747.0ta230509b bl.|||p| |||| 00| 00por d aBR-BrBNAbporcBiblioteca Nacional de Agricultura a(En) aH601 aGalon, L.1 aForte, C.T.1 aGabiatti, R.L.1 aRadunz, L.L.1 aAspiazu, I.1 aKujawinski, R.1 aDavid, F.A.1 aCastoldi, C.T.1 aPerin, G.F.1 aRadunz, A.L.1 aRossetti, J.1 aInterference and economic threshold level for control of beggartick on bean cultivars aFEIJÃO aPICÃO PRETO aERVA DANINHA aDANO aINFESTAÇÃO aPRODUTIVIDADE aANÁLISE ECONÔMICA0 tPlanta Daninha (Brazil)xISSN 0100-8358g(Jul-Dec 2016), v. 34(3) p. 411-422wBR2016004264